[Event "Edinburgh Premier 2019"]
[Site "?"]
[Date "2019.04.05"]
[Round "1"]
[White "Koehn, Lennart"]
[Black "Gormally , Daniel"]
[Result "1/2-1/2"]
[WhiteElo "2134"]
[BlackElo "2478"]
[PlyCount "193"]

1. e4 c5 2. Nc3 Nc6 3. Bb5 Nd4 4. Nf3 e6 5. O-O a6 6. Bd3 Ne7 7. Nxd4 cxd4 8.
Ne2 Nc6 9. b3 Bc5 10. Bb2 O-O 11. c3 dxc3 12. Nxc3 b5 13. Rc1 Bd4 14. a3 Bb7
15. b4 Ne5 16. Qe2 f5 17. exf5 Qh4 18. Nd1 exf5 19. Bxd4 Qxd4 20. Bb1 Rae8 21.
Qh5 g6 22. Qh3 Qxd2 23. Ne3 Qd6 24. Ba2+ Kh8 25. Rfd1 Qe7 26. Nd5 Qg7 27. Qc3
Rc8 28. Qe3 Ng4 29. Qd2 Bxd5 30. Bxd5 Qe5 31. g3 Nf6 32. Bb7 Rce8 33. Re1 Qb8
34. Rxe8 Rxe8 35. Bxa6 Qb6 36. Bc8 Kg7 37. Qc3 Qd6 38. Bb7 g5 39. Bf3 g4 40.
Rd1 Qe6 41. Bg2 Kg6 42. Qd3 Qe5 43. Bf1 Rb8 44. Qd6 Qxd6 45. Rxd6 f4 46. Bd3+
Kf7 47. gxf4 Ra8 48. Bxb5 Rxa3 49. Bxd7 h5 50. Bf5 Rf3 51. b5 Rxf4 52. Bd3 Ke7
53. Ra6 Rb4 54. b6 Nd5 55. Ra7+ Kd6 56. Rh7 Nf6 57. Rf7 Ke6 58. Rb7 Nd5 59. Rh7
Nf6 60. Rb7 h4 61. Rb8 Nd7 62. Re8+ Kf6 63. Re4 Rb3 64. Rxg4 Rxd3 65. Rxh4 Rb3
66. Rh6+ Kf5 67. Kg2 Nxb6 68. Rh8 Nd5 69. Rf8+ Ke6 70. Re8+ Kf7 71. Re4 Kf6 72.
f3 Ne3+ 73. Kf2 Nf5 74. Re2 Nd4 75. Re3 Rb2+ 76. Kg1 Kf5 77. Rd3 Ke5 78. Re3+
Kf4 79. Re8 Ne2+ 80. Kf2 Nc3+ 81. Kf1 Rxh2 82. Ke1 Kxf3 83. Rf8+ Ke3 84. Re8+
Ne4 85. Kd1 Kd3 86. Rd8+ Kc4 87. Rc8+ Nc5 88. Ke1 Kd4 89. Rd8+ Ke3 90. Re8+ Ne4
91. Kd1 Rd2+ 92. Kc1 Rd7 93. Kc2 Kd4 94. Rh8 Rc7+ 95. Kd1 Ke3 96. Re8 Rc4 97.
Re7 1/2-1/2

[Event "Edinburgh Premier 2019"]
[Site "?"]
[Date "2019.04.05"]
[Round "1"]
[White "Kopylov, Michael"]
[Black "Orr, Mark"]
[Result "1-0"]
[WhiteElo "2414"]
[BlackElo "2082"]
[PlyCount "81"]

1. d4 Nf6 2. c4 e6 3. g3 d5 4. Bg2 Be7 5. Nf3 O-O 6. O-O dxc4 7. Qc2 a6 8. Qxc4
b5 9. Qc2 Bb7 10. Bg5 Nbd7 11. Bxf6 Nxf6 12. Nbd2 Rc8 13. Nb3 c5 14. dxc5 Ne4
15. Rfd1 Qc7 16. Rac1 Bxc5 17. Nxc5 Qxc5 18. Qxc5 Nxc5 19. Ne5 Bxg2 20. Kxg2 f6
21. b4 Na4 22. Nc6 Rc7 23. Nd4 Rxc1 24. Rxc1 e5 25. Nf5 g6 26. Ne7+ Kg7 27. Nd5
f5 28. Rc6 Rf7 29. Rxa6 Rd7 30. Nb6 Nxb6 31. Rxb6 Rd2 32. Rxb5 Rxa2 33. Rxe5
Kf6 34. f4 g5 35. Kf3 Rb2 36. b5 Rb3+ 37. Kf2 Rb4 38. Ke3 h5 39. Rc5 Re4+ 40.
Kf3 g4+ 41. Kf2 1-0

[Event "Edinburgh Premier 2019"]
[Site "?"]
[Date "2019.04.05"]
[Round "1"]
[White "Schmidt, Kai-Uwe"]
[Black "Hunt, Adam C"]
[Result "0-1"]
[WhiteElo "2398"]
[BlackElo "2070"]
[PlyCount "90"]

1. Nf3 Nf6 2. d4 g6 3. g3 Bg7 4. Bg2 O-O 5. O-O d6 6. a4 Nbd7 7. a5 Rb8 8. Re1
e5 9. e4 Re8 10. Nc3 c6 11. h3 Qc7 12. Be3 b5 13. axb6 axb6 14. d5 Bb7 15. Nh2
b5 16. dxc6 Bxc6 17. Ng4 b4 18. Nd5 Nxd5 19. exd5 Bb5 20. Qd2 Rec8 21. Rec1 Nc5
22. Bh6 f5 23. Bxg7 Qxg7 24. Ne3 f4 25. Nf1 Rf8 26. Nh2 g5 27. Qxb4 h5 28. Ra5
Bd7 29. Qa3 e4 30. b4 Nb7 31. Ra7 Qd4 32. Qa1 Qb6 33. Ra6 Qxb4 34. gxf4 gxf4
35. Qa3 Qd4 36. Rxd6 Nxd6 37. Qxd6 f3 38. Qxd7 fxg2 39. Qe6+ Kh7 40. Qe7+ Kh8
41. Kxg2 Rxf2+ 42. Kh1 Rxh2+ 43. Kxh2 Qf2+ 44. Kh1 Qf3+ 45. Kh2 Qf4+ 0-1

[Event "Edinburgh Premier 2019"]
[Site "?"]
[Date "2019.04.05"]
[Round "1"]
[White "Arakhamia-Grant, Ketevan"]
[Black "Magnussen, Helge"]
[Result "1-0"]
[WhiteElo "2336"]
[BlackElo "2099"]
[PlyCount "71"]

1. e4 e6 2. d4 d5 3. Nc3 Bb4 4. e5 c5 5. a3 cxd4 6. axb4 dxc3 7. Qg4 Ne7 8.
Qxg7 Rg8 9. Qxh7 cxb2 10. Bxb2 Qb6 11. b5 Nbc6 12. Nf3 Rg6 13. Qh4 a5 14. Ba3
Nf5 15. Qh8+ Kd7 16. bxc6+ Qxc6 17. Bd3 b6 18. O-O Bb7 19. Qh5 Rag8 20. g3 d4
21. Bxf5 exf5 22. e6+ Qxe6 23. Nxd4 Rh6 24. Nxe6 Rxh5 25. Nf4 Rh4 26. Rfd1+ Kc8
27. Nd5 Kb8 28. Bd6+ Ka7 29. Bc7 Rh6 30. c4 Rc8 31. Bxb6+ Kb8 32. Be3 Ra6 33.
Bf4+ Ka7 34. Nc7 Bf3 35. Rdb1 Be4 36. Be3+ 1-0

[Event "Edinburgh Premier 2019"]
[Site "?"]
[Date "2019.04.05"]
[Round "1"]
[White "Waller, Dan"]
[Black "Tate, Alan W"]
[Result "0-1"]
[WhiteElo "2056"]
[BlackElo "2368"]
[PlyCount "112"]

1. e4 c5 2. Nf3 d6 3. Bb5+ Nd7 4. d4 Ngf6 5. O-O Nxe4 6. Re1 Nef6 7. dxc5 dxc5
8. Ng5 e6 9. Bc4 Be7 10. Bxe6 O-O 11. Bc4 Nb6 12. Qxd8 Bxd8 13. Bd3 Nbd5 14. c3
Bd7 15. Nd2 Bc7 16. Nde4 b6 17. Nxf6+ Nxf6 18. b3 Rad8 19. Bb2 Bc6 20. Rad1 Rd5
21. Nf3 Rfd8 22. Bc2 Rxd1 23. Rxd1 Bxf3 24. Rxd8+ Bxd8 25. gxf3 Nh5 26. c4 Bf6
27. Bc1 Be5 28. Bd2 g6 29. Bd3 f5 30. b4 cxb4 31. Bxb4 Nf4 32. Bf1 Bd4 33. Bd6
Ne6 34. f4 Bc5 35. Be5 Kf7 36. Bg2 Ke7 37. Kf1 Bd6 38. Ke2 Bxe5 39. fxe5 Nf4+
40. Kf3 Nd3 41. Bf1 Nxe5+ 42. Kg3 Kd6 43. h4 Ng4 44. Be2 Nf6 45. Kf4 Ke6 46.
Bf3 h6 47. a3 a5 48. Bc6 Nh5+ 49. Ke3 Ke5 50. Be8 Nf4 51. Bf7 Ng2+ 52. Kf3
Nxh4+ 53. Kg3 g5 54. f4+ Kf6 55. Be8 Ng6 56. fxg5+ hxg5 0-1

[Event "Edinburgh Premier 2019"]
[Site "?"]
[Date "2019.04.05"]
[Round "1"]
[White "Xian, Junhao"]
[Black "Kopylov, Daniel"]
[Result "0-1"]
[WhiteElo "1953"]
[BlackElo "2280"]
[PlyCount "146"]

1. d4 Nf6 2. c4 g6 3. Nc3 d5 4. cxd5 Nxd5 5. e4 Nxc3 6. bxc3 Bg7 7. Bc4 c5 8.
Ne2 Nc6 9. Be3 O-O 10. O-O Qc7 11. Rc1 Rd8 12. Bf4 Be5 13. Qd2 Qd6 14. Bxe5
Qxe5 15. Bd5 Qd6 16. Qe3 cxd4 17. cxd4 e6 18. Bxc6 bxc6 19. e5 Qd7 20. Rfd1 c5
21. Rxc5 Bb7 22. h4 h5 23. Qg5 Rac8 24. Rxc8 Rxc8 25. Nf4 Qd8 26. Qxd8+ Rxd8
27. f3 Kg7 28. Kf2 Rc8 29. Rd2 Rc1 30. g4 hxg4 31. fxg4 Rh1 32. Kg3 Rg1+ 33.
Kh3 Rf1 34. Nd3 a5 35. Nc5 Bd5 36. a4 g5 37. h5 Rf3+ 38. Kh2 Rf4 39. Kg3 Rf3+
40. Kh2 Rf1 41. Nd7 Rh1+ 42. Kg3 Rg1+ 43. Kh3 Ra1 44. Nf6 Rxa4 45. Kg3 Ra3+ 46.
Kf2 Rf3+ 47. Ke2 Rf4 48. Ke3 Bb3 49. Rh2 a4 50. h6+ Kh8 51. Rh1 a3 52. Rc1 Rxf6
53. exf6 a2 54. Rc8+ Kh7 55. Ra8 Bd5 56. Ra7 Kxh6 57. Kd2 Kg6 58. Kc3 Kxf6 59.
Kb2 Kg6 60. Rd7 f5 61. gxf5+ Kxf5 62. Rg7 g4 63. Rg8 Kf4 64. Rf8+ Ke3 65. Rg8
Kf3 66. Rf8+ Kg2 67. Rf6 g3 68. Rg6 Kf2 69. Rf6+ Ke2 70. Rg6 g2 71. Ka1 Kf2 72.
Rf6+ Bf3 73. Rg6 g1=Q+ 0-1

[Event "Edinburgh Premier 2019"]
[Site "?"]
[Date "2019.04.05"]
[Round "1"]
[White "Abdulla, Murad"]
[Black "Birkett, Richard"]
[Result "1-0"]
[WhiteElo "2256"]
[BlackElo "1940"]
[PlyCount "60"]

1. e4 d5 2. exd5 Nf6 3. d4 Qxd5 4. Nf3 Bg4 5. Be2 e6 6. c4 Qd8 7. Nc3 c6 8. Qb3
Qb6 9. O-O Qxb3 10. axb3 Bd6 11. Be3 O-O 12. h3 Bf5 13. Nd2 e5 14. dxe5 Bxe5
15. Bxa7 Na6 16. Be3 Rfd8 17. Ra5 Bxc3 18. bxc3 Bd3 19. Bxd3 {[%emt 0:00:00]}
Rxd3 {[%emt 0:00:05]} 20. Rc1 Rad8 21. Rc2 Kf8 22. b4 Nb8 23. Ra7 b5 24. Bd4
bxc4 25. Nxc4 Rd1+ 26. Kh2 Nd5 27. Rb7 Re1 28. Ra2 Nd7 29. Raa7 Re7 30. Na5 Nb8
1-0

[Event "Edinburgh Premier 2019"]
[Site "?"]
[Date "2019.04.05"]
[Round "1"]
[White "Gray, Euan"]
[Black "Han, Yichen"]
[Result "1/2-1/2"]
[WhiteElo "1825"]
[BlackElo "2190"]
[PlyCount "151"]

1. d4 Nf6 2. c4 g6 3. Nc3 Bg7 4. e4 d6 5. Be2 O-O 6. Nf3 e5 7. Be3 Ng4 8. Bg5
f6 9. Bh4 g5 10. Bg3 Nh6 11. dxe5 fxe5 12. h4 g4 13. Nh2 Qd7 14. Nd5 Na6 15.
Ne3 Qc6 16. Nd5 Rf7 17. b4 Qd7 18. Rb1 Qe6 19. h5 Bf8 20. Ne3 Rg7 21. Bh4 Kh8
22. Nhf1 Be7 23. Bxe7 Qxe7 24. Ng3 Qf7 25. Qd5 Qf6 26. c5 Nb8 27. cxd6 cxd6 28.
Rd1 Nc6 29. Qxd6 Qxd6 30. Rxd6 Nf7 31. Rf6 Ng5 32. Rf8+ Rg8 33. Rxg8+ Kxg8 34.
Nxg4 Bxg4 35. Bxg4 Nxb4 36. Bd1 Nd3+ 37. Kf1 Rc8 38. Bb3+ Kf8 39. f3 Rc1+ 40.
Ke2 Nf4+ 41. Kf2 Rxh1 42. Nxh1 Nxh5 43. Ng3 Nf4 44. Nf5 b5 45. Ne3 a5 46. Ng4
a4 47. Bc2 Nf7 48. g3 Ne6 49. Nf6 Nd4 50. Bd3 b4 51. Nd5 b3 52. axb3 a3 53. Nc3
Nxb3 54. Bc4 Nd4 55. Nb1 Nc2 56. Bxf7 Kxf7 57. Nc3 Nb4 58. f4 a2 59. Nxa2 Nxa2
60. fxe5 Ke6 61. Kf3 Nb4 62. Kg4 Nc6 63. Kg5 Kf7 64. e6+ Kg7 65. Kf5 Ne7+ 66.
Ke5 Ng6+ 67. Kf5 Ne7+ 68. Ke5 Kf8 69. g4 Ng8 70. Kf5 Kg7 71. Ke5 Ne7 72. Kd6
Ng6 73. g5 Kf8 74. Kd7 Ne7 75. Kd8 Ng8 76. Kd7 1/2-1/2

[Event "Edinburgh Premier 2019"]
[Site "?"]
[Date "2019.04.05"]
[Round "1"]
[White "Burnett, Andrew B"]
[Black "McQuillan, Stephen G"]
[Result "1/2-1/2"]
[WhiteElo "2186"]
[BlackElo "1910"]
[PlyCount "120"]

1. d4 e6 2. Nf3 f5 3. c4 Nf6 4. Nc3 Be7 5. Qc2 O-O 6. Bg5 d5 7. e3 c6 8. Bd3
Ne4 9. Bxe7 Qxe7 10. h3 Nxc3 11. Qxc3 a5 12. a3 Nd7 13. Qc2 e5 14. dxe5 Nxe5
15. Nxe5 Qxe5 16. O-O Be6 17. Rad1 Kh8 18. Rfe1 Rae8 19. f4 Qf6 20. cxd5 Bxd5
21. Bxf5 Bxg2 22. Kxg2 Qxf5 23. Qxf5 Rxf5 24. Rd7 Rb5 25. Re2 Kg8 26. Kf3 Rb3
27. f5 Kf8 28. Kf4 Re7 29. Rd6 Kf7 30. h4 g6 31. f6 Re6 32. Rd7+ Kxf6 33. Rxh7
Rd6 34. h5 gxh5 35. Rxh5 Rd1 36. Reh2 Rf1+ 37. Ke4 Re1 38. Rf5+ Ke7 39. Rf3 Rb5
40. Kf4 Rb1 41. Rff2 Rb3 42. e4 Re1 43. Rh7+ Ke6 44. Rh6+ Ke7 45. Rg2 Rf1+ 46.
Ke5 Rb5+ 47. Kd4 Rf7 48. Rhg6 Kd7 49. Rg7 Rxg7 50. Rxg7+ Ke6 51. Rg6+ Ke7 52.
Rg2 Ke6 53. Kc4 Re5 54. Rg4 Rb5 55. b3 Re5 56. Kd4 Rb5 57. Rg3 b6 58. Rh3 Rg5
59. Rh6+ Kd7 60. Rh7+ Kd6 1/2-1/2

[Event "Edinburgh Premier 2019"]
[Site "?"]
[Date "2019.04.05"]
[Round "1"]
[White "Thomson, Neil"]
[Black "Jarmany, John"]
[Result "0-1"]
[WhiteElo "2021"]
[BlackElo "2111"]
[PlyCount "138"]

1. e4 c6 2. d4 d5 3. exd5 cxd5 4. c4 Nf6 5. Nc3 Nc6 6. Bg5 Ne4 7. Nxe4 dxe4 8.
d5 Ne5 9. Qd4 f6 10. Qxe4 Qb6 11. Bd2 Qxb2 12. Rc1 g6 13. f4 Bf5 14. Qe3 Ng4
15. Qe2 e5 16. h3 Bb4 17. Rd1 Nh6 18. fxe5 fxe5 19. Bxb4 Qxb4+ 20. Qd2 Qxd2+
21. Kxd2 O-O-O 22. g4 Bd7 23. Nf3 Rde8 24. Re1 Nf7 25. Rh2 Rhf8 26. Kc3 b6 27.
Rhe2 Kc7 28. Bg2 Kd6 29. Nd2 Rc8 30. Rf2 Ke7 31. Kb3 a5 32. Ne4 Nd6 33. Rfe2
a4+ 34. Kb2 Nxc4+ 35. Kb1 Bb5 36. Rf2 Na3+ 37. Kb2 Nc4+ 38. Kb1 Rxf2 39. Nxf2
a3 40. Ne4 Nd6 41. Re3 Nc4 42. Rb3 Ba4 43. Rd3 b5 44. Nc3 Nd2+ 45. Kc1 e4 46.
Re3 Nc4 47. Rxe4+ Kd7 48. Nxa4 Nb2+ 49. Kd2 Nxa4 50. Rb4 Rf8 51. Ke3 Re8+ 52.
Kf2 Rc8 53. Rxb5 Rc2+ 54. Kg3 Rxa2 55. Rb7+ Kd6 56. Rxh7 Rxg2+ 57. Kxg2 a2 58.
Rg7 a1=Q 59. Rxg6+ Kxd5 60. Rg5+ Ke4 61. Rf5 Nc3 62. Rf2 Nd5 63. g5 Nf4+ 64.
Kh2 Qc3 65. g6 Qxh3+ 66. Kg1 Qg3+ 67. Kf1 Qxg6 68. Rh2 Ke3 69. Rb2 Qa6+ 0-1

[Event "Edinburgh Premier 2019"]
[Site "?"]
[Date "2019.04.05"]
[Round "1"]
[White "Allor, Chuckwuka"]
[Black "Chisholm, Mike"]
[Result "1-0"]
[WhiteElo "2076"]
[BlackElo "1898"]
[PlyCount "95"]

1. e4 d6 2. d4 Nf6 3. Nc3 g6 4. f4 Bg7 5. Nf3 O-O 6. Be3 c5 7. dxc5 Qa5 8. Qd2
dxc5 9. O-O-O Ng4 10. Bg1 Bxc3 11. Qxc3 Qxc3 12. bxc3 b6 13. h3 Nf6 14. Nd2 Nh5
15. Bh2 Ba6 16. g4 Ng7 17. f5 Bxf1 18. Rhxf1 Nc6 19. Nc4 Rfd8 20. a4 Ne8 21.
Rd3 Nf6 22. Re3 Rd7 23. Ne5 Nxe5 24. Bxe5 Ne8 25. Rd3 Rad8 26. Rfd1 Rxd3 27.
cxd3 f6 28. Bg3 Kf7 29. Kc2 e5 30. fxe6+ Kxe6 31. d4 cxd4 32. cxd4 Nd6 33. Kd3
Nb7 34. d5+ Ke7 35. Bf2 f5 36. Bh4+ Kd7 37. Bxd8 fxe4+ 38. Kxe4 Nc5+ 39. Kd4
Kxd8 40. Kc4 Nxa4 41. Ra1 a6 42. Rf1 Ke7 43. Re1+ Kd7 44. Re6 a5 45. h4 Nb2+
46. Kd4 Na4 47. h5 gxh5 48. gxh5 1-0

[Event "Edinburgh Premier 2019"]
[Site "?"]
[Date "2019.04.05"]
[Round "1"]
[White "Antunes, Andre"]
[Black "Raja, Parthipan"]
[Result "0-1"]
[WhiteElo "1832"]
[BlackElo "1950"]
[PlyCount "86"]

1. d4 f5 2. c4 Nf6 3. g3 e6 4. Bg2 Be7 5. Nc3 d6 6. Nh3 O-O 7. O-O c6 8. Qc2 e5
9. dxe5 dxe5 10. e4 Qe8 11. exf5 Qh5 12. Qe2 Qxe2 13. Nxe2 Bxf5 14. Rd1 Bc5 15.
Nc3 Nbd7 16. Be3 Bxe3 17. fxe3 a5 18. Nf2 Nc5 19. b3 Rad8 20. Rxd8 Rxd8 21. Rd1
Rxd1+ 22. Ncxd1 Nfe4 23. Nxe4 Bxe4 24. Nc3 Bxg2 25. Kxg2 Kf7 26. Kf3 g5 27. Ne4
g4+ 28. Kxg4 Nxe4 29. Kf5 Nf2 30. h4 e4 31. g4 Ke7 32. g5 Kf7 33. h5 Kg7 34.
Ke5 h6 35. gxh6+ Kxh6 36. Kd4 Kxh5 37. Kc5 Ng4 38. Kd4 Nf6 39. Ke5 Kg5 40. c5
Kg4 41. Kxf6 Kf3 42. Ke5 Kxe3 43. Ke6 Kd4 0-1

[Event "Edinburgh Premier 2019"]
[Site "?"]
[Date "2019.04.05"]
[Round "1"]
[White "Gregory , Sam"]
[Black "Campbell, Duncan AF"]
[Result "1/2-1/2"]
[WhiteElo "1851"]
[BlackElo "1902"]
[PlyCount "72"]

1. d4 f5 2. g3 Nf6 3. Bg2 d5 4. c4 e6 5. Nc3 c6 6. Nh3 Bd6 7. O-O O-O 8. Qc2
Qe8 9. f3 e5 10. dxe5 Bxe5 11. cxd5 Bxc3 12. Qxc3 Nxd5 13. Qd3 Na6 14. Nf4 Nac7
15. e4 fxe4 16. fxe4 Nxf4 17. Bxf4 Ne6 18. Qb3 Qd8 19. Be3 b6 20. e5 Qe8 21.
Rxf8+ Kxf8 22. Qb4+ Kg8 23. Qd6 Bd7 24. Rd1 Rd8 25. Bh3 Nf8 26. Bg5 Bxh3 27.
Qxd8 Qxe5 28. Qd2 h6 29. Bf4 Qc5+ 30. Qf2 Qc4 31. Rc1 Qd5 32. b3 Ne6 33. Be3 c5
34. Re1 Qc6 35. Rc1 Qd5 36. Re1 Qc6 1/2-1/2

[Event "Edinburgh Premier 2019"]
[Site "?"]
[Date "2019.04.05"]
[Round "1"]
[White "Irving, Neil"]
[Black "Pasha, Tariq"]
[Result "1/2-1/2"]
[WhiteElo "1904"]
[BlackElo "1839"]
[PlyCount "70"]

1. Nf3 Nf6 2. c4 e6 3. g3 d5 4. Bg2 c6 5. d4 Be7 6. O-O Nbd7 7. Qc2 O-O 8. Nbd2
b6 9. e4 dxe4 10. Nxe4 Bb7 11. Nxf6+ Bxf6 12. Rd1 Qe7 13. Bf4 Rac8 14. Rac1
Rfd8 15. c5 Qf8 16. Ng5 Bxg5 17. Bxg5 f6 18. Bf4 e5 19. dxe5 Nxc5 20. exf6 Qxf6
21. Bh3 Rxd1+ 22. Rxd1 Rd8 23. b4 Rxd1+ 24. Qxd1 Ne6 25. Bb8 c5 26. bxc5 Nd4
27. Bg2 Bxg2 28. Kxg2 Qc6+ 29. f3 Qxc5 30. Bxa7 Nc2 31. Qd8+ Kf7 32. Qd7+ Kf6
33. Qd8+ Kf7 34. Qd7+ Kf6 35. Qd8+ Kf7 1/2-1/2

[Event "Edinburgh Premier 2019"]
[Site "?"]
[Date "2019.04.05"]
[Round "1"]
[White "Baumanis, Kristaps"]
[Black "McGregor, Lindsay A"]
[Result "1/2-1/2"]
[WhiteElo "1845"]
[BlackElo "1695"]
[PlyCount "65"]

1. e4 e5 2. Nf3 Nc6 3. d4 exd4 4. Bc4 Nf6 5. Bg5 h6 6. Bxf6 Qxf6 7. O-O d6 8.
Bb5 Bg4 9. Qxd4 Be7 10. Nbd2 Bxf3 11. Nxf3 O-O 12. Qd5 Ne5 13. Nxe5 Qxe5 14. f4
Qxb2 15. Rab1 Qc3 16. Qxb7 Bf6 17. Qc6 Rab8 18. Rb3 Bd4+ 19. Kh1 Qc5 20. Rfb1
Rb6 21. Qxc5 Bxc5 22. Bc4 Rxb3 23. cxb3 Re8 24. Bd5 Bd4 25. Bc6 Re7 26. g4 g6
27. b4 h5 28. gxh5 gxh5 29. Rb3 Re6 30. Rg3+ Rg6 31. Kg2 Kg7 32. f5 h4 33. fxg6
1/2-1/2

[Event "Edinburgh Premier 2019"]
[Site "?"]
[Date "2019.04.05"]
[Round "1"]
[White "Begg, David"]
[Black "Jelfs, Alan"]
[Result "0-1"]
[WhiteElo "1824"]
[BlackElo "1856"]
[PlyCount "108"]

1. d4 f5 2. Bg5 Nf6 3. Nc3 e6 4. e4 fxe4 5. Nxe4 Be7 6. Bxf6 Bxf6 7. Qh5+ g6 8.
Nxf6+ Qxf6 9. Qe5 Qxe5+ 10. dxe5 b6 11. O-O-O Bb7 12. Nh3 Nc6 13. f4 Ne7 14.
Rg1 O-O-O 15. Bc4 Rdf8 16. g3 h6 17. Rd2 Rf7 18. Bb5 Nf5 19. g4 Nh4 20. Rf2
Rhf8 21. Bd3 Rg7 22. Rg3 c5 23. Kd2 g5 24. f5 exf5 25. gxf5 Re7 26. Re3 g4 27.
f6 Ree8 28. Ng1 Bd5 29. b3 d6 30. exd6 Rxe3 31. Kxe3 Kd7 32. Ne2 Kxd6 33. Ng3
Ke5 34. Nf5 Ng2+ 35. Kd2 Rxf6 36. Re2+ Kf4 37. Ng3 Re6 38. Rf2+ Bf3 39. Nh5+
Kg5 40. Ng7 Re5 41. Bc4 Kf6 42. Ne6 Rxe6 43. Bxe6 Kxe6 44. h3 h5 45. hxg4 hxg4
46. Kd3 Ke5 47. c3 Kf4 48. b4 cxb4 49. cxb4 g3 50. Rf1 Ne3 51. Rg1 g2 52. a4
Nd5 53. Kc4 a6 54. b5 a5 0-1

[Event "Edinburgh Premier 2019"]
[Site "?"]
[Date "2019.04.05"]
[Round "1"]
[White "Gopakumar, Siddharth"]
[Black "Bhopal, Raj"]
[Result "0-1"]
[WhiteElo "1834"]
[BlackElo "1986"]
[PlyCount "106"]

1. e4 c5 2. c3 d5 3. exd5 Qxd5 4. d4 Nc6 5. Nf3 Nf6 6. Be2 e6 7. O-O cxd4 8.
cxd4 Be7 9. Nc3 Qa5 10. Qb3 O-O 11. Rd1 Rd8 12. Bf4 Qb4 13. Bc4 Qxb3 14. Bxb3
Nb4 15. Bc7 Rd7 16. Ba5 Nc6 17. Ba4 Nxa5 18. Bxd7 Bxd7 19. d5 Bb4 20. Ne5 Be8
21. dxe6 fxe6 22. Rd3 Nc6 23. Nxc6 Bxc6 24. Rad1 Nd5 25. Nxd5 exd5 26. a3 Bc5
27. b4 Bb6 28. b5 Bxb5 29. Rxd5 Bc6 30. Re5 Rf8 31. Rd2 a5 32. h3 a4 33. Kf1 g6
34. f3 Kf7 35. h4 Bc7 36. Rc5 Rd8 37. Rxd8 Bxd8 38. h5 Be7 39. hxg6+ hxg6 40.
Rc3 Bd5 41. f4 b5 42. g4 Kf6 43. Ke1 Bb3 44. Rc6+ Kf7 45. Rb6 Bc4 46. Rb7 Ke8
47. Rb8+ Kd7 48. Rb7+ Kd8 49. f5 gxf5 50. gxf5 Bxa3 51. f6 Ke8 52. f7+ Kf8 53.
Kd2 Be7 0-1

[Event "Edinburgh Premier 2019"]
[Site "?"]
[Date "2019.04.05"]
[Round "1"]
[White "Wynarczyk, Raymond"]
[Black "Skettos, Nicolas"]
[Result "0-1"]
[WhiteElo "1875"]
[BlackElo "1848"]
[PlyCount "118"]

1. e4 e6 2. d4 d5 3. Nc3 dxe4 4. Nxe4 Nd7 5. Nf3 Ngf6 6. Bg5 Be7 7. Nxf6+ Bxf6
8. Bxf6 Qxf6 9. Bb5 O-O 10. O-O a6 11. Bxd7 Bxd7 12. Ne5 Be8 13. c3 Qe7 14. Qb3
b5 15. Rfe1 Qd6 16. Rad1 Rd8 17. a3 f6 18. Nd3 Bf7 19. Nc5 e5 20. Qc2 Qb6 21.
Nb3 Kh8 22. Re3 exd4 23. Nxd4 c5 24. Nf3 Bg6 25. Qe2 Rxd1+ 26. Qxd1 Rd8 27. Qe1
h6 28. Re6 Qb7 29. Nh4 Bc2 30. Re8+ Rxe8 31. Qxe8+ Kh7 32. Qe2 Qe4 33. Qxe4+
Bxe4 34. g3 Kg8 35. Ng2 Kf7 36. Ne3 Ke6 37. Kf1 g5 38. Ke2 f5 39. f3 Bb1 40.
Kd2 Ke5 41. Kc1 Ba2 42. Kc2 Be6 43. Kd3 h5 44. b4 cxb4 45. axb4 f4 46. Ng2 fxg3
47. hxg3 Bh3 48. f4+ Kf6 49. fxg5+ Kxg5 50. Ne3 Bf5+ 51. Kd4 Kf6 52. Kd5 Bd3
53. Kd4 Be2 54. Kd5 Ke7 55. Kc6 Ke6 56. Kb6 Ke5 57. Ng2 Kf5 58. Nf4 h4 59. Kxa6
Bc4 0-1

[Event "Edinburgh Premier 2019"]
[Site "?"]
[Date "2019.04.05"]
[Round "1"]
[White "Smith, Callum"]
[Black "Muskath, Max"]
[Result "1/2-1/2"]
[WhiteElo "1826"]
[BlackElo "2120"]
[PlyCount "112"]

1. e4 c5 2. c3 d5 3. exd5 Qxd5 4. d4 Nf6 5. Nf3 Bg4 6. Nbd2 e6 7. Bc4 Qd8 8.
Qb3 Qb6 9. Ne5 Nc6 10. Nxg4 Nxg4 11. Nf3 Qxb3 12. Bxb3 cxd4 13. Nxd4 Nxd4 14.
cxd4 Bb4+ 15. Ke2 Rd8 16. h3 Nf6 17. Rd1 h6 18. Bf4 O-O 19. Rac1 Rc8 20. Rxc8
Rxc8 21. Rc1 Rxc1 22. Bxc1 Kf8 23. Bf4 Ke7 24. Kd3 Bd6 25. Bd2 a6 26. g4 Nd7
27. Ke4 Nf6+ 28. Kd3 Nd5 29. f3 b6 30. a4 Kd7 31. Bc4 Nc7 32. Ke4 Kc6 33. h4 b5
34. axb5+ axb5 35. Bb3 Be7 36. h5 Nd5 37. Bxd5+ exd5+ 38. Kf5 Bh4 39. Be3 Bf6
40. f4 Kd6 41. g5 Bd8 42. gxh6 gxh6 43. Bd2 Bb6 44. Bc3 Kc6 45. Kf6 b4 46. Bxb4
Bxd4+ 47. Kxf7 Bxb2 48. Kg6 d4 49. f5 Bc3 50. Ba3 d3 51. Bc1 d2 52. Bxd2 Bxd2
53. f6 Kd7 54. f7 Bb4 55. Kxh6 Bf8+ 56. Kh7 Ke6 1/2-1/2

[Event "Edinburgh Premier 2019"]
[Site "?"]
[Date "2019.04.05"]
[Round "1"]
[White "James, Chris"]
[Black "Ridge , Benjamin "]
[Result "0-1"]
[WhiteElo "1868"]
[BlackElo "1544"]
[PlyCount "100"]

1. e4 e6 2. d4 d5 3. Nd2 c5 4. exd5 Qxd5 5. Ngf3 Nc6 6. Bc4 Qd8 7. Nb3 cxd4 8.
O-O Nf6 9. Re1 Bb4 10. Bd2 Bxd2 11. Qxd2 O-O 12. Nbxd4 Nxd4 13. Nxd4 Bd7 14.
Rad1 Rc8 15. Bd3 Qb6 16. c3 Rfd8 17. Qe2 Bc6 18. Bc2 Bd5 19. Bb1 e5 20. Nf5 Re8
21. h3 Qc6 22. Ne3 Be4 23. Bxe4 Qxe4 24. Nd5 Qxe2 25. Nxf6+ gxf6 26. Rxe2 Rcd8
27. Red2 Rxd2 28. Rxd2 Kf8 29. f3 Ke7 30. Kf2 f5 31. g4 f4 32. Ke2 Ke6 33. c4
Rc8 34. b3 f6 35. Rd5 Rc6 36. Kd3 Ra6 37. a4 Rb6 38. Kc3 Rd6 39. Rd3 a6 40. Kc2
b6 41. Kc3 h6 42. h4 Rxd3+ 43. Kxd3 Kd6 44. Ke4 Kc5 45. g5 fxg5 46. hxg5 hxg5
47. Kxe5 Kb4 48. Kf5 Kxb3 49. Kxg5 Kxa4 50. Kxf4 Kb3 0-1

[Event "Edinburgh Premier 2019"]
[Site "?"]
[Date "2019.04.05"]
[Round "1"]
[White "Chapman, Nigel"]
[Black "O'Neil, Jim"]
[Result "0-1"]
[WhiteElo "1741"]
[BlackElo "1766"]
[PlyCount "99"]

1. e4 c5 2. a3 g6 3. b4 Bg7 4. Nc3 cxb4 5. axb4 Nc6 6. Rb1 d6 7. g3 Nf6 8. Bg2
Bg4 9. f3 Be6 10. Nge2 O-O 11. b5 Ne5 12. f4 Nc4 13. d3 Nb6 14. O-O Qd7 15. Bd2
Rac8 16. f5 gxf5 17. exf5 Bxf5 18. Bxb7 Qxb7 19. Rxf5 e6 20. Rf1 Nfd5 21. Nxd5
Nxd5 22. c4 Qb6+ 23. Kg2 Ne3+ 24. Bxe3 Qxe3 25. Rf3 Qb6 26. Qb3 Rc5 27. d4 Rc7
28. Rbf1 Bxd4 29. Rf4 Qb7+ 30. Kh3 Bg7 31. Rg4 f5 32. Rgf4 Rc5 33. g4 fxg4+ 34.
Rxg4 Rh5+ 35. Kg3 Kh8 36. h4 Be5+ 37. Kh3 Rg8 38. Rxg8+ Kxg8 39. c5 Qe7 40.
Rg1+ Bg7 41. Rxg7+ Kxg7 42. Qg3+ Kh8 43. cxd6 Qd7 44. Kg2 Rd5 45. Qc3+ e5 46.
Ng3 Qxd6 47. Qc8+ Qd8 48. Qe6 Rd2+ 49. Kf3 Qd5+ 50. Qxd5 0-1

[Event "Edinburgh Premier 2019"]
[Site "?"]
[Date "2019.04.05"]
[Round "1"]
[White "Jennings, Richard L"]
[Black "McCusker, Andrew"]
[Result "1-0"]
[WhiteElo "1984"]
[BlackElo "1744"]
[PlyCount "89"]

1. d4 d5 2. Nf3 Nf6 3. c4 c6 4. Nc3 Bg4 5. Qb3 Qb6 6. Qxb6 axb6 7. cxd5 Nxd5 8.
Nxd5 cxd5 9. Bd2 Nc6 10. e3 f6 11. Bb5 Bd7 12. O-O e6 13. Rfc1 Bd6 14. Bc3 Nb4
15. Bxd7+ Kxd7 16. Bxb4 Bxb4 17. a3 Bd6 18. g3 g5 19. Kf1 Rhc8 20. Ke2 Rc6 21.
Ne1 Rac8 22. Kd2 e5 23. Rxc6 bxc6 24. Rc1 c5 25. dxc5 Rxc5 26. b4 Rxc1 27. Kxc1
g4 28. Kc2 Ke6 29. Kc3 f5 30. f4 b5 31. Ng2 Kd7 32. Ne1 exf4 33. exf4 h5 34.
Kd4 Kc6 35. Nd3 Bc7 36. Ne5+ Kd6 37. Nf7+ Kc6 38. Nh6 Bb6+ 39. Kd3 Bg1 40. Nxf5
Bxh2 41. Ke3 Kd7 42. Kf2 d4 43. Kg2 Bxg3 44. Kxg3 d3 45. Kf2 1-0

[Event "Edinburgh Premier 2019"]
[Site "?"]
[Date "2019.04.05"]
[Round "1"]
[White "Sanger, Jake M"]
[Black "Le Feuvre, Gwenole"]
[Result "1/2-1/2"]
[WhiteElo "1840"]
[BlackElo "1612"]
[PlyCount "86"]

1. d4 Nf6 2. Nf3 g6 3. Nc3 Bg7 4. e4 d6 5. Be3 O-O 6. Qd2 Nbd7 7. Bh6 e5 8.
O-O-O exd4 9. Nxd4 Re8 10. f3 Nc5 11. h4 Ne6 12. Bxg7 Kxg7 13. g4 h5 14. g5 Ng8
15. Nxe6+ Bxe6 16. Qd4+ Kh7 17. Bc4 Ne7 18. Nd5 Nxd5 19. Bxd5 c6 20. Bb3 Bxb3
21. axb3 Qa5 22. Kb1 Re6 23. Qc3 Qxc3 24. bxc3 f6 25. gxf6 Rxf6 26. Rd3 Raf8
27. Rhd1 Rxf3 28. Rxd6 Re3 29. Rg1 Rxe4 30. Rdxg6 Rxh4 31. Rg7+ Kh8 32. R7g6
Rg4 33. R1xg4 hxg4 34. Rxg4 Kh7 35. Kb2 Rf5 36. Rd4 a5 37. Re4 b6 38. b4 Kg6
39. Re1 Kf6 40. Rg1 Re5 41. Rf1+ Ke6 42. Rh1 Kd6 43. Rh6+ Re6 1/2-1/2

[Event "Edinburgh Premier 2019"]
[Site "?"]
[Date "2019.04.06"]
[Round "2"]
[White "Kopylov, Daniel"]
[Black "Kopylov, Michael"]
[Result "1/2-1/2"]
[WhiteElo "2414"]
[BlackElo "2414"]
[PlyCount "28"]

1. Nf3 c5 2. c4 Nf6 3. g3 b6 4. Bg2 Bb7 5. O-O e6 6. b3 Be7 7. Bb2 O-O 8. e3 d5
9. cxd5 Nxd5 10. Nc3 Bf6 11. d4 cxd4 12. Nxd5 Qxd5 13. Bxd4 Bxd4 14. Qxd4 Ba6
1/2-1/2